Soft nanomaterials (Record no. 1211433)

MARC details
000 -LEADER
fixed length control field 00974nam a2200301Ia 4500
003 - CONTROL NUMBER IDENTIFIER
control field OSt
005 - DATE AND TIME OF LATEST TRANSACTION
control field 20221007123135.0
008 - FIXED-LENGTH DATA ELEMENTS--GENERAL INFORMATION
fixed length control field 221006b |||||||| |||| 00| 0 eng d
020 ## - INTERNATIONAL STANDARD BOOK NUMBER
International Standard Book Number 9789811201028 (hbk)
037 ## - SOURCE OF ACQUISITION
Terms of availability Textual
040 ## - CATALOGING SOURCE
Original cataloging agency PAPL
Transcribing agency PAPL
Language of cataloging eng
041 ## - LANGUAGE CODE
Source of code eng
Language code of text/sound track or separate title eng
100 ## - MAIN ENTRY--PERSONAL NAME
Personal name Zhang Ye Ed.
9 (RLIN) 716636
245 #0 - TITLE STATEMENT
Title Soft nanomaterials
Remainder of title Xu Bing Ed.
260 ## - PUBLICATION, DISTRIBUTION, ETC.
Place of publication, distribution, etc. Singapore
Name of publisher, distributor, etc. World Scientific
Date of publication, distribution, etc. 2020
300 ## - PHYSICAL DESCRIPTION
Extent x, 206p. ill.
Dimensions cm.
490 ## - SERIES STATEMENT
Volume/sequential designation Vol.19
Series statement World scientific series in nanoscience and nanotechnology
500 ## - GENERAL NOTE
General note Index 201-206p.
650 ## - SUBJECT ADDED ENTRY--TOPICAL TERM
Topical term or geographic name entry element Bioactive supramolecular assembly
9 (RLIN) 716637
650 ## - SUBJECT ADDED ENTRY--TOPICAL TERM
Topical term or geographic name entry element Physics
700 ## - ADDED ENTRY--PERSONAL NAME
Personal name Xu Bing Ed.
9 (RLIN) 716638
942 ## - ADDED ENTRY ELEMENTS (KOHA)
Classification part C21:(D), R0 Carpa
Koha item type Textual
Source of classification or shelving scheme Colon Classification (CC)
Holdings
Withdrawn status Lost status Source of classification or shelving scheme Damaged status Not for loan Home library Current library Date acquired Source of acquisition Serial Enumeration / chronology Total Checkouts Full call number Barcode Date last seen Price effective from Koha item type
    Colon Classification (CC)     Department of Physics and Astrophysics Library Department of Physics and Astrophysics Library 2022-10-07 507, 22/01/2020, A.J. Books Vol.19   C21:(D) R0 Carpa PA0007542 2022-10-07 2022-10-07 Textual
Copyright @ Delhi University Library System